| 000 | 00663nam a22002177a 4500 | ||
|---|---|---|---|
| 999 |
_c6006 _d6006 |
||
| 003 | AR-CdUCM | ||
| 008 | 190313b ||||| |||| 00| 0 spa d | ||
| 040 |
_aMUNICIPALIDAD PROVINCIAL DEL CUSCO _cBIBLIOTECA MUNICIPAL DEL CUSCO |
||
| 082 |
_a869.56 / _bR81 |
||
| 100 |
_aRomualdo, Alejandro _917577 |
||
| 245 | _aComo Dios manda / | ||
| 260 |
_aMéxico : _bJoaquín Mortiz, _c1967. |
||
| 300 |
_a68 páginas ; _c21 cm. |
||
| 500 | _aDonación de la familia Nieto. | ||
| 650 |
_aPoesía peruana _9806 |
||
| 650 |
_aPoetas peruanos _91611 |
||
| 650 |
_aAlejandro Romualdo - Poemas _917578 |
||
| 650 |
_aSiglo XX _98 |
||
| 942 |
_2ddc _cLIBROS |
||
| 945 | _alccs | ||